Studies on the water quality and periphyton community in the Linggi River Basin, Malaysia /
Saved in:
| Main Author: | |
|---|---|
| Format: | Thesis Book |
| Language: | English |
| Published: |
1985
|
| Subjects: | |
| Tags: |
Add Tag
No Tags, Be the first to tag this record!
|
| LEADER | 01138cam a2200277 a 4500 | ||
|---|---|---|---|
| 001 | u49653 | ||
| 003 | SIRSI | ||
| 008 | 870316s1985 my bt 00 eng m | ||
| 035 | |a AAF-3444 | ||
| 040 | |a UMM | ||
| 043 | |a a-my-ns | ||
| 090 | 0 | 0 | |a TD313 |b M4N3Nat |
| 091 | |a Microfiche 9648 | ||
| 100 | 2 | 0 | |a Nather Khan, I. Sulthan Alaudeen |
| 245 | 1 | 0 | |a Studies on the water quality and periphyton community in the Linggi River Basin, Malaysia / |c by I. Sulthan Alaudeen Nather Khan |
| 260 | |c 1985 | ||
| 300 | |a xiii, 430 leaves : |b ill., maps ; |c 30cm | ||
| 500 | |a Also available on Microfiche . Kuala Lumpur : Perpustakaan Universiti Malaya, 1994. 5 fiches : negative ; 11x15 cm. | ||
| 502 | |a Thesis (Ph.D) -- Fakulti Sains, Universiti Malaya, 1985. | ||
| 504 | 0 | 0 | |a Bibliography: leaves 342-380 |
| 650 | 0 | |a Water quality |x Negeri Sembilan |z Sungai Linggi |x Measurement | |
| 650 | 0 | |a Periphyton |z Negeri Sembilan |z Sungai Linggi | |
| 650 | 0 | |a Water |x Pollution |z Negeri Sembilan |z Sungai Linggi | |
| 948 | |a 16/03/1991 |b 19/12/1998 | ||
| 596 | |a 1 | ||
| 999 | |a TD313 M4N3NAT |w LC |c 1 |i A504253150 |d 9/9/2014 |e 9/9/2014 |l STACKS |m P01UTAMA |n 31 |r Y |s Y |t TESIS |u 19/3/1992 | ||
